Statistics for Boy- and girlfriends of the Friends characters

Click here to take the quiz!

General Stats

  • This quiz has been taken 1,417 times
  • The average score is 13 of 23

Answer Stats

HintAnswer% Correct
Janice
84%
Mike
83%
Richard
82%
Emily
78%
Carol
74%
David
66%
Kathy
65%
Paul
64%
Mona
62%
Tag
61%
Julie
57%
Paolo
56%
Pete
56%
Elizabeth
52%
Joshua
47%
Charlie
46%
Janine
44%
Barry
41%
Gary
40%
Fun Bobby
36%
Bonnie
33%
Parker
26%
Tommy
6%

Score Distribution

Percentile by Number Answered

Percent of People with Each Score

Your Score History

You have not taken this quiz